00330nam a2200121 a 45000010005000000030005000050050017000100080041000270400020000681000034000882450066001222600020001882301CDMR20130116135228.0130130s1975||||||||||||||||||||||||||||d aCDMRbcatcCDMR1 aSilva Santos, José Fernando13aLa radio como medio informativocJosé Fernando Silva Santos aBarcelonac1975